Small is Beautiful: Denmark and Its "Worth Hollowing" Story in a Global World

Pohľad na presadzovanie svojích záujmov hospodárskych systémov malých štátov v globálnom svete. Základné podmienky, ktoré umožnili Dánsku vybudovať a podporiť konkrétnu cestu smerom k rozvoju industrializácie a presadiť sa v intenzívnej globálnej konkurencii.

Guardado en:
Detalles Bibliográficos
Autor principal: Boháč, Radomír
Formato: Capítulo de libro
Lenguaje:inglés
Materias:
Etiquetas: Agregar Etiqueta
Sin Etiquetas, Sea el primero en etiquetar este registro!

MARC

LEADER 00000naa a2200000 4500
001 0231069
005 20240502083620.3
041 0 |a eng 
044 |a TW 
245 1 0 |a Small is Beautiful: Denmark and Its "Worth Hollowing" Story in a Global World  |c Radomír Boháč 
520 |a Pohľad na presadzovanie svojích záujmov hospodárskych systémov malých štátov v globálnom svete. Základné podmienky, ktoré umožnili Dánsku vybudovať a podporiť konkrétnu cestu smerom k rozvoju industrializácie a presadiť sa v intenzívnej globálnej konkurencii. 
610 2 0 |a Dánsko 
610 2 0 |a štát sociálny 
610 2 0 |a globalizácia 
610 2 0 |a ekonomika znalostná 
100 1 |a Boháč, Radomír